LIBRARY ONLINE CATALOGUE

The great adventure : (Record no. 21589)

MARC details
000 -LEADER
fixed length control field 01201cam a2200373 i 4500
001 - CONTROL NUMBER
control field 1289041
003 - CONTROL NUMBER IDENTIFIER
control field OSt
005 - DATE AND TIME OF LATEST TRANSACTION
control field 20260409151133.0
008 - FIXED-LENGTH DATA ELEMENTS--GENERAL INFORMATION
fixed length control field 770831s1977 ilu 000 0 eng
010 ## - LIBRARY OF CONGRESS CONTROL NUMBER
LC control number 76011474
020 ## - INTERNATIONAL STANDARD BOOK NUMBER
International Standard Book Number 0891910549
020 ## - INTERNATIONAL STANDARD BOOK NUMBER
International Standard Book Number 9780891910541
035 ## - SYSTEM CONTROL NUMBER
System control number 1289041
040 ## - CATALOGING SOURCE
Original cataloging agency DLC
Transcribing agency DLC
Modifying agency DLC
050 00 - LIBRARY OF CONGRESS CALL NUMBER
Classification number BS2626
Item number .R5
082 00 - DEWEY DECIMAL CLASSIFICATION NUMBER
Classification number 227
100 1# - MAIN ENTRY--PERSONAL NAME
Personal name Richards, Larry,
Dates associated with a name 1931-
245 14 - TITLE STATEMENT
Title The great adventure :
Remainder of title the first days of the church : studies in Acts, James, Galatians, and Romans /
Statement of responsibility, etc. Larry Richards.
250 ## - EDITION STATEMENT
Edition statement Leader's ed.
260 ## - PUBLICATION, DISTRIBUTION, ETC. (IMPRINT)
Place of publication, distribution, etc. Elgin, Ill. :
Name of publisher, distributor, etc. D. C. Cook Pub. Co.,
Date of publication, distribution, etc. c1977.
300 ## - PHYSICAL DESCRIPTION
Extent 252 p. ;
Dimensions 22 cm.
336 ## - CONTENT TYPE
Content type term text
Content type code txt
Source rdacontent
337 ## - MEDIA TYPE
Media type term unmediated
Media type code n
Source rdamedia
338 ## - CARRIER TYPE
Carrier type term volume
Carrier type code nc
Source rdacarrier
490 1# - SERIES STATEMENT
Series statement His Bible alive series
630 00 - SUBJECT ADDED ENTRY--UNIFORM TITLE
Uniform title Bible.
Name of part/section of a work Acts
Form subdivision Textbooks.
630 00 - SUBJECT ADDED ENTRY--UNIFORM TITLE
Uniform title Bible.
Name of part/section of a work James
Form subdivision Textbooks.
630 00 - SUBJECT ADDED ENTRY--UNIFORM TITLE
Uniform title Bible.
Name of part/section of a work Galatians
Form subdivision Textbooks.
630 00 - SUBJECT ADDED ENTRY--UNIFORM TITLE
Uniform title Bible.
Name of part/section of a work Romans
Form subdivision Textbooks.
800 1# - SERIES ADDED ENTRY--PERSONAL NAME
Personal name Richards, Larry,
Dates associated with a name 1931-
Title of a work Bible alive series.
906 ## - LOCAL DATA ELEMENT F, LDF (RLIN)
a 7
b cbc
c orignew
d 2
e ocip
f 19
g y-gencatlg
942 ## - ADDED ENTRY ELEMENTS (KOHA)
Source of classification or shelving scheme Library of Congress Classification
Koha item type General Collection
Holdings
Withdrawn status Lost status Source of classification or shelving scheme Not for loan Home library Current library Shelving location Date acquired Source of acquisition Inventory number Total Checkouts Full call number Barcode Date last seen Copy number Price effective from Koha item type
    Library of Congress Classification   Kabarak, Main Campus Kabarak, Main Campus General Stacks 09/04/2026 Donation 2025/3043   BS2626 .R5 1977 C.1 38910 09/04/2026 C.1 09/04/2026 General Collection